[Event "23rd ETCC Open 2021"]
[Site "Catez"]
[Date "2021.11.21"]
[Round "9.28"]
[White "Svane, Rasmus"]
[Black "Gokerkan, Cem Kaan"]
[Result "1-0"]
[WhiteElo "2628"]
[BlackElo "2444"]
[Annotator "TA"]
[PlyCount "91"]
[EventDate "2021.11.08"]
[EventType "team-tourn"]
[EventCountry "SLO"]
[SourceTitle "playchess.com"]
[Source "ChessBase"]
[SourceQuality "1"]
[WhiteTeam "Germany"]
[BlackTeam "Turkey"]
[WhiteTeamCountry "GER"]
[BlackTeamCountry "TUR"]

{[%evp 21,91,7,4,3,10,8,8,3,6,2,1,4,12,9,10,9,14,9,4,0,0,0,0,0,0,-16,0,0,0,0,
14,18,10,13,16,0,0,0,0,8,98,98,100,100,102,102,204,197,433,432,420,408,483,483,
475,468,468,468,429,229,229,233,1674,1714,1429,1249,29980,29981,29991,29992,
29993,29994]} 1. d4 Nf6 2. Nf3 d5 3. c4 e6 4. g3 Be7 5. Bg2 O-O 6. O-O dxc4 7.
Qc2 a6 8. a4 Bd7 9. Qxc4 Bc6 10. Bg5 Nbd7 11. Nc3 h6 12. Bxf6 {E05: Open
Catalan: 5 Nf3 Be7.} Nxf6 13. Rfd1 $1 {[%mdl 4] is currently scoring better
than 13.b4.} Bd5 14. Qd3 {The position is equal.} Bxf3 15. Bxf3 c6 16. e3 a5
17. h4 {[#]} Qb6 $146 ({Predecessor:} 17... h5 18. e4 g6 19. Qe3 Re8 20. Kg2
Kg7 21. Rd3 Qb6 22. Rad1 Rad8 23. e5 Nd7 {1-0 (47) Grischuk,A (2759)-Dominguez
Perez,L (2763) Khanty Mansiysk 2019}) 18. Qe2 Rfd8 19. Rac1 Rd7 20. Rd2 Rad8
21. Rcd1 Bb4 22. Kg2 g6 23. Rd3 Kg7 24. Qc2 Qc7 25. Na2 e5 (25... Bd6 {with
more complications.} 26. Nc1 h5 27. R3d2 Nd5 28. Nb3 Bb4) 26. dxe5 Qxe5 {
Black wants to play ...Rxd3.} 27. Rxd7 Rxd7 28. Rxd7 Nxd7 29. Nxb4 axb4 30. Qd2
Nc5 (30... Qe7 $11 {remains equal.}) 31. Qxb4 $16 {White leaves nothing to
chance now.} Nd3 32. Qd2 {[%cal Rd2d3]} Nxb2 33. Qc2 g5 {[#]} (33... h5 $16 {
is a better defense.} 34. Qb3 c5) 34. h5 $1 $18 b5 $2 (34... g4) 35. a5 {
[%cal Ba4a5,Ba5a6,Ba6a7][%mdl 32]} Nc4 {[#]} 36. Qa2 Qc3 37. a6 b4 {Black
hopes to continue with ...b3.} 38. a7 b3 39. Qa6 b2 40. Be4 (40. a8=Q $142 {
Intending Q6c8 and mate.} b1=Q 41. Q8xc6 {[%mdl 64] Double Attack} Nxe3+ 42.
fxe3 Qbc2+ 43. Kh3 Qxc6 44. Qxc6) 40... Nxe3+ 41. fxe3 Qd2+ $2 (41... Qxe3 42.
Qc4 (42. Qxc6 Qe2+ 43. Kg1 Qd1+ 44. Kf2 Qd2+ 45. Kf1 Qd1+ 46. Kf2 Qd2+ 47. Kg1
Qd1+ 48. Kf2 $11) 42... Qxa7 43. Qc3+ {[%mdl 64] Double Attack} Kg8) 42. Kf3
g4+ 43. Kxg4 f5+ 44. Kh3 {White mates.} b1=Q 45. Bxb1 Qc1 46. Qa1+ {Weighted
Error Value: White=0.09/Black=0.43} 1-0

[Event "23rd ETCC Open 2021"]
[Site "Catez"]
[Date "2021.11.21"]
[Round "9.29"]
[White "Nabaty, Tamir"]
[Black "Erdos, Viktor"]
[Result "1/2-1/2"]
[WhiteElo "2649"]
[BlackElo "2615"]
[Annotator "TA"]
[PlyCount "61"]
[EventDate "2021.11.08"]
[EventType "team-tourn"]
[EventCountry "SLO"]
[SourceTitle "playchess.com"]
[Source "ChessBase"]
[SourceQuality "1"]
[WhiteTeam "Israel"]
[BlackTeam "Hungary"]
[WhiteTeamCountry "ISR"]
[BlackTeamCountry "HUN"]

{[%evp 15,61,0,0,0,0,0,0,0,0,0,0,0,0,0,0,-9,-8,-10,-10,-14,-16,-13,-13,-6,0,0,
0,0,0,0,0,0,0,0,0,0,0,0,0,0,0,0,0,0,0,0,0,0]} 1. d4 Nf6 2. c4 g6 3. Nc3 d5 4.
Bf4 Bg7 5. e3 c5 6. dxc5 Qa5 7. Qa4+ Qxa4 8. Nxa4 Bd7 {The position is equal.}
9. Nc3 {D82: Grünfeld: 4 Bf4.} Ne4 10. Nxd5 {[#] Hoping for Nc7+.} Na6 11. f3
Nexc5 12. O-O-O e6 13. Nc7+ Nxc7 14. Bxc7 Rc8 15. Bd6 b5 $1 16. b3 Nb7 17. Kb1
Nxd6 18. Rxd6 Ke7 19. Rd1 bxc4 20. Bxc4 Rxc4 21. bxc4 Rb8+ 22. Kc1 {[#]} Ba4
$146 {[#] White must now prevent ...Bb2+.} ({Predecessor:} 22... Bb2+ 23. Kd2
Ba4 24. Nh3 Bxd1 25. Rxd1 Bf6 26. Rc1 Kd7 27. Nf2 Kc6 28. Nd3 Bg7 29. h3 e5 30.
Ke2 f5 31. e4 Rd8 {1/2-1/2 (31) Wachinger,D (1699)-Hiller,S (1983) Lingen 2012}
) 23. Rd2 Rb4 24. Ne2 Rxc4+ 25. Kb1 Rb4+ 26. Kc1 Rc4+ 27. Kb1 Rb4+ 28. Kc1 Rc4+
29. Kb1 Rb4+ 30. Kc1 Rc4+ 31. Kb1 {Not much happened in this game.  Weighted
Error Value: White=0.01/Black=0.00} 1/2-1/2

[Event "23rd ETCC Open 2021"]
[Site "Catez"]
[Date "2021.11.21"]
[Round "9.30"]
[White "Berkes, Ferenc"]
[Black "Mikhalevski, Victor"]
[Result "1-0"]
[WhiteElo "2676"]
[BlackElo "2559"]
[Annotator "TA"]
[PlyCount "95"]
[EventDate "2021.11.08"]
[EventType "team-tourn"]
[EventCountry "SLO"]
[SourceTitle "playchess.com"]
[Source "ChessBase"]
[SourceQuality "1"]
[WhiteTeam "Hungary"]
[BlackTeam "Israel"]
[WhiteTeamCountry "HUN"]
[BlackTeamCountry "ISR"]

{[%evp 10,95,10,4,3,0,0,0,0,0,0,0,14,0,25,2,14,3,4,0,0,0,19,19,19,19,19,19,18,
29,23,31,28,33,31,42,46,59,70,67,51,23,37,37,37,37,45,53,47,52,53,35,39,25,75,
80,81,88,95,93,99,78,197,188,612,616,706,692,683,690,660,333,394,0,651,606,
1416,1133,1117,1117,5385,5310,2484,1117,3566,3776,5522,2511]} 1. d4 Nf6 2. Nf3
g6 3. Bf4 Bg7 4. c3 c5 5. e3 Qb6 6. Qb3 d6 {A48: 1 d4 Nf6 2 Nf3 g6: Torre,
London and Colle Systems.} 7. Nbd2 Be6 8. Bc4 Bxc4 {The position is equal.} 9.
Nxc4 Qa6 10. O-O Nbd7 11. a4 {[#]} O-O $146 ({Predecessor:} 11... Rc8 12. Nfd2
O-O 13. Qb5 Nb8 14. h3 Nd5 15. Qxa6 Nxa6 16. Bg3 f5 17. Rfe1 Nf6 {1/2-1/2 (60)
Grachev,B (2649)-Lagno,K (2523) Moscow 2015}) 12. Rfd1 Qc6 13. h3 Qd5 14. Nfd2
Rfc8 15. Re1 Ne4 16. Nxe4 Qxe4 17. Nd2 Qc6 18. d5 Qa6 19. Nc4 Nb6 20. Nxb6 Qxb6
21. Qc2 c4 22. e4 Re8 23. a5 Qa6 24. Qa4 e6 25. Qb4 Rad8 26. Rad1 e5 27. Be3 f5
28. exf5 gxf5 29. f4 Rd7 30. Bf2 Bf6 31. Kh1 Rde7 32. fxe5 {White leaves
nothing to chance now.} Bxe5 33. Bd4 Bg3 34. Rxe7 Rxe7 35. Rf1 f4 {[#]} (35...
Rf7 $16 {was worth a try.}) 36. Qa4 $1 $18 {[%cal Ra4d1] Strongly threatening
Qd1.} b5 $2 (36... Kf8 37. Qd1 Qb5) 37. Qd1 Qc8 38. Qh5 {Threatens to win with
Qg5+.} Rf7 39. Qg5+ Kf8 40. Qh6+ Ke7 41. Qg5+ $2 (41. Bxa7 Qf5 42. a6) 41...
Kf8 $1 {[#]} 42. Bxa7 $1 {[%mdl 512] White is clearly winning.} Rxa7 (42... Qc7
43. Qh6+) 43. Qxg3 $1 {KQR-KQR} Rf7 44. Rxf4 Qc5 45. Rxf7+ Kxf7 46. Kh2 (46.
Qf4+ $142 Ke7 47. Qh4+ Ke8 48. Qf6) 46... b4 47. a6 b3 48. Qg4 {Weighted Error
Value: White=0.25/Black=0.26} (48. Qf3+ $142 Kg7 49. Qg4+ Kf8 50. Qf5+ Kg8 51.
Qe6+ Kf8 52. Qf6+ Kg8 53. Qd8+ Kf7 54. Qd7+ Kf8 55. Qd8+ Kf7 56. Qh8 Qxd5 57.
Qxh7+ Ke8 58. Qh8+ Kf7 59. Qh7+ Ke8 60. Qh8+ Kd7 61. a7) 1-0

[Event "23rd ETCC Open 2021"]
[Site "Catez"]
[Date "2021.11.21"]
[Round "9.31"]
[White "Smirin, Ilia"]
[Black "Banusz, Tamas"]
[Result "1-0"]
[WhiteElo "2616"]
[BlackElo "2607"]
[Annotator "TA"]
[PlyCount "97"]
[EventDate "2021.11.08"]
[EventType "team-tourn"]
[EventCountry "SLO"]
[SourceTitle "playchess.com"]
[Source "ChessBase"]
[SourceQuality "1"]
[WhiteTeam "Israel"]
[BlackTeam "Hungary"]
[WhiteTeamCountry "ISR"]
[BlackTeamCountry "HUN"]

{[%evp 25,97,9,6,0,0,15,19,14,39,39,39,39,39,39,50,45,50,50,51,48,44,46,50,0,
58,54,63,59,58,50,58,0,47,45,45,53,56,45,94,39,39,39,46,18,23,18,43,51,124,131,
171,173,174,168,200,139,160,0,200,236,317,345,360,284,589,554,764,753,734,695,
1059,1097,1138,1054]} 1. e4 e5 2. Nf3 Nc6 3. Bb5 a6 4. Ba4 Nf6 5. O-O Be7 6.
Re1 b5 7. Bb3 O-O 8. a4 Bb7 9. d3 d6 10. c3 Na5 11. Bc2 c5 12. Nbd2 {[%cal
Bb1d2,Bd2f1,Bf1g3][%mdl 32]} Re8 13. Nf1 h6 {was the old line (13...Bf8).} 14.
Ng3 {C90: Closed Ruy Lopez with 7...d6: Early deviations.} Bf8 15. d4 exd4 16.
cxd4 {The position is equal.} b4 17. d5 g6 18. b3 Bg7 19. Rb1 {[#]} Bc8 $146 ({
Predecessor:} 19... Nd7 20. Bf4 Qe7 21. Bd3 Qf8 22. Re2 h5 23. Qc1 Bf6 24. Bg5
Bxg5 25. Qxg5 Qe7 {1-0 (63) Gromotka,H (2316)-Cooper,N (2069) ICCF email 2016})
20. h3 Nh7 21. Bd2 Ra7 22. Qc1 h5 23. Bf4 Bc3 24. Bd2 Bg7 25. Bd3 Rae7 26. Qc2
Bb7 27. Ng5 Nf8 28. Nf3 (28. Red1 $1 $14) 28... Rc7 29. Bg5 Bf6 30. Bf4 Bc3 31.
Red1 $36 {[%mdl 2048] White is pushing.} Qd7 32. Nd2 (32. Qe2 $16) 32... Qe7
$14 33. Ne2 Bg7 34. Bh2 Nd7 35. f4 Nb6 36. f5 g5 ({Better is} 36... gxf5 $14
37. Ng3 Bc8) 37. Ng3 $16 Bd4+ 38. Kh1 f6 39. Nxh5 Qf7 40. Bxd6 Rcc8 {[#]} 41.
Nf3 $2 Red8 $2 (41... Qxh5 $11 {and Black is okay.} 42. Nxd4 cxd4) 42. Nxd4 $18
Rxd6 43. Nc6 {[%mdl 64] Deflection} Bxc6 44. dxc6 Rdxc6 $2 (44... Rcxc6 45. Be2
Qe7 46. Bxa6 Rxd1+ 47. Rxd1 Rd6) 45. Bxa6 {White is clearly winning.} R8c7 46.
Rd8+ Kh7 47. Qe2 Nxb3 {[#]} 48. Rxb3 {[%mdl 512]} Qxb3 {[#]} (48... Rd7 49.
Rxd7) 49. Nf4 $1 {[%mdl 576] Clearance.  Weighted Error Value: White=0.15/
Black=0.30} 1-0

[Event "23rd ETCC Open 2021"]
[Site "Catez"]
[Date "2021.11.21"]
[Round "9.32"]
[White "Gledura, Benjamin"]
[Black "Postny, Evgeny"]
[Result "1/2-1/2"]
[WhiteElo "2635"]
[BlackElo "2557"]
[Annotator "TA"]
[PlyCount "73"]
[EventDate "2021.11.08"]
[EventType "team-tourn"]
[EventCountry "SLO"]
[SourceTitle "playchess.com"]
[Source "ChessBase"]
[SourceQuality "1"]
[WhiteTeam "Hungary"]
[BlackTeam "Israel"]
[WhiteTeamCountry "HUN"]
[BlackTeamCountry "ISR"]

{[%evp 9,73,0,0,10,20,26,23,17,20,33,35,14,11,9,10,9,14,18,15,13,14,6,0,0,0,0,
0,0,0,0,0,0,0,0,37,0,27,0,0,-12,-6,-14,-3,-44,-41,-48,-13,-24,-3,0,-1,-59,-4,
-5,0,0,0,0,0,0,0,0,0,0,0,0]} 1. Nf3 d5 2. d4 Nf6 3. c4 e6 4. e3 b6 5. b3 Bb7 6.
Bb2 {E14: Queen's Indian: Classical Variation (4 e3).} dxc4 7. Bxc4 Be7 8. O-O
{White has an edge.} O-O {[#]} 9. Nc3 $146 ({Predecessor:} 9. Qe2 c5 10. Rd1
Qc7 11. Nc3 a6 12. Rac1 b5 13. Bd3 Qb6 14. dxc5 Bxc5 15. Ng5 {1-0 (30) Puranik,
A (2589)-Agmanov,Z (2404) Veliko Gradiste 2021}) 9... c5 10. dxc5 Bxc5 11. Qe2
Nbd7 12. Rfd1 Qb8 13. Ba6 Bxa6 14. Qxa6 Qc8 15. Qa4 Qb7 16. b4 Be7 17. Nd4 Rfc8
18. Qb3 Bf8 19. a4 Ne5 20. b5 a6 21. Nce2 axb5 22. axb5 (22. Nxe6 $5 Nc4 23.
Bxf6 (23. Nxf8 bxa4 24. Qb4 Nxb2 $11) 23... fxe6 24. Bc3 $11) 22... Nc4 23.
Rxa8 Qxa8 24. Ra1 Qd5 25. Rc1 {[#] Threatening Nf4.} Na5 $1 26. Qd1 (26. Qxd5 {
feels hotter.} Rxc1+ 27. Bxc1 Nxd5 28. e4 Nb4 29. Nc3) 26... Rxc1 27. Qxc1 Qc4
{White must now prevent ...e5.} 28. Nc3 Nb3 29. Nxb3 Qxb3 30. g3 ({White
should try} 30. Qb1 $11) 30... h6 (30... Ne8 $15) 31. Ba1 {The position is
equal.} Qc4 32. Qf1 Qb3 33. Qb1 Qxb1+ 34. Nxb1 Nd5 35. Be5 f6 36. Bb8 Bb4 37.
Kf1 {Weighted Error Value: White=0.09/Black=0.07} 1/2-1/2

[Event "23rd ETCC Open 2021"]
[Site "Catez"]
[Date "2021.11.21"]
[Round "9.33"]
[White "Christiansen, Johan-Sebastian"]
[Black "Navara, David"]
[Result "1/2-1/2"]
[WhiteElo "2582"]
[BlackElo "2699"]
[Annotator "TA"]
[PlyCount "69"]
[EventDate "2021.11.08"]
[EventType "team-tourn"]
[EventCountry "SLO"]
[SourceTitle "playchess.com"]
[Source "ChessBase"]
[SourceQuality "1"]
[WhiteTeam "Norway"]
[BlackTeam "Czech Republic"]
[WhiteTeamCountry "NOR"]
[BlackTeamCountry "CZE"]

{[%evp 11,69,12,22,38,33,39,27,35,38,40,27,33,45,4,10,23,8,0,78,44,108,128,118,
112,135,150,117,0,125,0,128,0,104,112,92,95,68,43,33,35,41,40,156,160,272,183,
172,179,456,229,225,248,246,243,229,0,169,0,218,0]} 1. e4 c5 2. Nf3 d6 3. d4
cxd4 4. Nxd4 Nf6 5. Nc3 a6 6. Bg5 Nbd7 7. Qe2 $1 {[%mdl 4] 7.Qe2 is the recent
fashion. B94: Sicilian Najdorf: 6 Bg5 Nbd7.} Qc7 8. O-O-O e6 9. g4 {White has
an edge.} h6 10. Bd2 b5 11. a3 {[#]} Rb8 $146 {[%cal Ba8b8,Bb8b4,Bb4a4][%mdl
32]} ({Predecessor:} 11... Bb7 12. f4 Qb6 13. Be1 g5 14. Nd5 Nxd5 15. exd5 Bxd5
16. Nxe6 Bxh1 17. Nc7+ Kd8 18. Nxa8 Bxa8 {1/2-1/2 (36) Batrakov,A (2530)-Zuev,
D (2504) ICCF email 2017}) 12. f4 b4 13. axb4 Rxb4 14. Nb3 Nb6 (14... Be7 $11)
15. Kb1 e5 (15... Be7 $14) 16. g5 $1 $16 {[%cal Rg5f6]} hxg5 17. fxg5 Nh5 18.
Na2 Ra4 19. Nc3 Rb4 20. Na2 Ra4 21. Nc3 ({White should try} 21. Qf2 $16) 21...
Ng3 22. hxg3 Rxh1 23. Nxa4 Nxa4 24. Qf3 Rh2 25. Bd3 $36 {[%mdl 2048] White has
good play.} g6 26. Rf1 Bh3 ({Black should play} 26... Be6 $14) 27. Ba5 $1 {
[%cal Ra5c7]} Qa7 {[#]} (27... Qd7 $16) 28. Bxa6 $1 {[%mdl 512]} Bxf1 29. Qxf1
{Threatening mate with Bb5+.} Nb6 $2 (29... Be7 {might work better.}) 30. Bb5+
(30. Qb5+ $142 Nd7 31. Qc6 Rh1+ 32. Nc1) 30... Nd7 $18 31. Qc4 $1 {[%cal Rc4c8]
[%mdl 1024] Qc8+ would kill now. White has strong compensation.} Qb7 32. Ba6
Qa8 33. Bb5 {aiming for Qc7.} Qb7 34. Ba6 Qa8 {[#]} 35. Bb5 $2 {Weighted Error
Value: White=0.37/Black=0.30} ({White must play} 35. Qc7 $1 $18 Be7 36. Bb5)
1/2-1/2

[Event "23rd ETCC Open 2021"]
[Site "Catez"]
[Date "2021.11.21"]
[Round "9.34"]
[White "Nguyen, Thai Dai Van"]
[Black "Urkedal, Frode Olav Olsen"]
[Result "1/2-1/2"]
[WhiteElo "2594"]
[BlackElo "2569"]
[Annotator "ChessBase"]
[PlyCount "61"]
[EventDate "2021.11.08"]
[EventType "team-tourn"]
[EventCountry "SLO"]
[SourceTitle "playchess.com"]
[Source "ChessBase"]
[SourceQuality "1"]
[WhiteTeam "Czech Republic"]
[BlackTeam "Norway"]
[WhiteTeamCountry "CZE"]
[BlackTeamCountry "NOR"]
[TimeControl "40/5400+30:1800+30"]

1. Nf3 d5 2. d4 Nf6 3. c4 e6 4. Nc3 Be7 5. Bf4 O-O 6. a3 dxc4 7. e3 Nbd7 8.
Bxc4 c5 9. O-O Nb6 10. Ba2 cxd4 11. Nxd4 Nbd5 12. Nxd5 Nxd5 13. Be5 Qb6 14. Rc1
Bf6 15. Bxf6 Nxf6 16. Qb3 Qxb3 17. Bxb3 Bd7 18. Rc7 Rab8 19. Rfc1 Rfd8 20. h3
Ne8 21. R7c5 Rbc8 22. Kf1 Kf8 23. Rxc8 Rxc8 24. Rxc8 Bxc8 25. Ba4 Nd6 26. Nb5
Nxb5 27. Bxb5 e5 28. Ke2 Ke7 29. Bc4 b6 30. h4 Bb7 31. g3 1/2-1/2

[Event "23rd ETCC Open 2021"]
[Site "Catez"]
[Date "2021.11.21"]
[Round "9.35"]
[White "Hauge, Lars Oskar"]
[Black "Krejci, Jan"]
[Result "1-0"]
[WhiteElo "2490"]
[BlackElo "2565"]
[Annotator "ChessBase"]
[PlyCount "119"]
[EventDate "2021.11.08"]
[EventType "team-tourn"]
[EventCountry "SLO"]
[SourceTitle "playchess.com"]
[Source "ChessBase"]
[SourceQuality "1"]
[WhiteTeam "Norway"]
[BlackTeam "Czech Republic"]
[WhiteTeamCountry "NOR"]
[BlackTeamCountry "CZE"]
[TimeControl "40/5400+30:1800+30"]

1. e4 e5 2. Nf3 Nf6 3. Nc3 Nc6 4. d4 exd4 5. Nxd4 Bb4 6. Nxc6 bxc6 7. Bd3 O-O
8. O-O d5 9. exd5 cxd5 10. Bg5 c6 11. Qf3 Re8 12. h3 Be7 13. Rfe1 h6 14. Bf4
Be6 15. Ne2 Qb6 16. b3 c5 17. Ng3 c4 18. Bf5 Bc5 19. bxc4 Rad8 20. Rab1 Qa6 21.
Be5 Bxf5 22. Qxf5 Re6 23. cxd5 Rxd5 24. Qf4 g5 25. Rb8+ Bf8 26. Qb4 Nd7 27.
Rxf8+ Nxf8 28. Bc3 Rxe1+ 29. Bxe1 Qd6 30. Qc4 Qe6 31. Qc3 Qe5 32. Qb4 Rb5 33.
Qd2 Rb1 34. Kf1 Ne6 35. Ne2 Qb5 36. Kg1 Qc4 37. Kh2 Nf4 38. Qd8+ Kh7 39. Bc3 f6
40. Qe7+ Kg8 41. Qxf6 Ne6 42. Be5 Rb7 43. Qh8+ Kf7 44. Qh7+ Ke8 45. Qxb7 Qxe2
46. Qb8+ Kf7 47. Qxa7+ Kg6 48. Qe3 Qxc2 49. Qf3 Qf5 50. Qxf5+ Kxf5 51. Bd6 Ke4
52. a4 Kd5 53. Bb4 Kc4 54. Be1 Nf4 55. Kg3 h5 56. Bd2 Ne2+ 57. Kf3 Nd4+ 58. Ke4
g4 59. h4 Ne2 60. g3 1-0

[Event "23rd ETCC Open 2021"]
[Site "Catez"]
[Date "2021.11.21"]
[Round "9.36"]
[White "Zilka, Stepan"]
[Black "Notkevich, Benjamin Arvola"]
[Result "1-0"]
[WhiteElo "2593"]
[BlackElo "2471"]
[Annotator "ChessBase"]
[PlyCount "87"]
[EventDate "2021.11.08"]
[EventType "team-tourn"]
[EventCountry "SLO"]
[SourceTitle "playchess.com"]
[Source "ChessBase"]
[SourceQuality "1"]
[WhiteTeam "Czech Republic"]
[BlackTeam "Norway"]
[WhiteTeamCountry "CZE"]
[BlackTeamCountry "NOR"]
[TimeControl "40/5400+30:1800+30"]

1. d4 Nf6 2. c4 e6 3. Nc3 Bb4 4. Qc2 O-O 5. a3 Bxc3+ 6. Qxc3 d6 7. f3 d5 8. Bg5
c5 9. cxd5 cxd4 10. Qxd4 Nc6 11. Qh4 exd5 12. e3 Qb6 13. Rd1 Re8 14. Ne2 Qxb2
15. Bxf6 gxf6 16. Qg3+ Kh8 17. Qf4 Re6 18. Rxd5 Qxa3 19. Kf2 Qe7 20. Qh6 f5 21.
Qf4 Re5 22. Nc3 f6 23. Bb5 Nb4 24. Rd4 a5 25. Ra1 Nc2 26. Rc1 Nxd4 27. exd4
Rxb5 28. Nxb5 Bd7 29. Nc7 Rc8 30. Nd5 Qf7 31. Rxc8+ Bxc8 32. Qd6 Kg7 33. Ne7
Qe8 34. Qc7 Qd7 35. Nxf5+ Kf7 36. Qxc8 Qxc8 37. Nd6+ Ke6 38. Nxc8 Kd5 39. Ke3
b5 40. Kd3 a4 41. Ne7+ Kd6 42. Nf5+ Kc6 43. Kc3 a3 44. Ne3 1-0

[Event "23rd ETCC Open 2021"]
[Site "Catez"]
[Date "2021.11.21"]
[Round "9.37"]
[White "Deac, Bogdan-Daniel"]
[Black "Saric, Ivan"]
[Result "1-0"]
[WhiteElo "2651"]
[BlackElo "2665"]
[Annotator "TA"]
[PlyCount "123"]
[EventDate "2021.11.08"]
[EventType "team-tourn"]
[EventCountry "SLO"]
[SourceTitle "playchess.com"]
[Source "ChessBase"]
[SourceQuality "1"]
[WhiteTeam "Romania"]
[BlackTeam "Croatia"]
[WhiteTeamCountry "ROU"]
[BlackTeamCountry "CRO"]

{[%evp 12,123,30,19,44,39,55,30,28,24,29,22,24,23,18,19,67,54,153,79,143,137,
128,135,147,140,141,98,212,212,217,226,191,144,162,156,162,153,152,153,156,165,
194,200,217,181,166,169,193,195,197,195,193,154,202,160,175,137,215,215,208,
230,210,211,248,241,303,276,299,294,300,302,286,295,319,305,368,391,368,372,
410,405,374,293,312,283,364,335,371,343,503,513,514,507,493,492,658,641,638,
651,692,660,902,894,979,966,1142,915,956,929,1149,1247,1398,1397]} 1. Nf3 {
Postny,E} d5 2. d4 Nf6 3. c4 c6 4. Nc3 e6 5. Bg5 Nbd7 6. e3 h6 7. Bh4 g5 {
D51: Queen's Gambit Declined: 4 Bg5 Nbd7 sidelines.} 8. Bg3 Nh5 9. Be5 Nhf6 {
White has an edge.} 10. Bd3 {[#]} g4 $146 ({Predecessor:} 10... Nxe5 11. Nxe5
Nd7 12. Nxd7 Bxd7 13. Qh5 Bg7 14. h4 c5 15. cxd5 cxd4 16. Ne4 Qa5+ {1/2-1/2 
(35) Postny,E (2616)-Artemiev,V (2658) Novi Sad 2016 CBM 176 [Postny,E]}) 11.
Bxf6 Qxf6 12. Nd2 h5 13. Qe2 Bh6 14. h3 g3 ({Black should try} 14... Qg7 $14)
15. f4 ({Reject} 15. fxg3 $6 Qg5 $11) (15. O-O $142) 15... b6 {[#]} (15... h4
$142) 16. O-O $1 $16 Bb7 17. Qxh5 O-O-O 18. Qe2 Kb8 19. Nf3 c5 (19... dxc4 $16
{keeps fighting.} 20. Bxc4 c5) 20. cxd5 $18 exd5 21. Ba6 Ba8 22. Bb5 cxd4 23.
Nxd4 Nc5 24. Rf3 Bb7 25. Rxg3 a6 26. Bd3 Rde8 {With the idea ...Bxf4.} 27. Rf1
b5 28. a3 Ne6 29. Qf2 Bf8 30. Nce2 Bc5 31. Kh2 Bb6 32. b4 Rc8 33. Rd1 Rhe8 34.
Rg4 Rc7 (34... Nxd4 $16 {is a better defense.} 35. exd4 (35. Nxd4 Rc3 $16)
35... Re6) 35. Qh4 Qxh4 36. Rxh4 Nxd4 37. exd4 ({But not} 37. Nxd4 Rc3 $14)
37... Bc8 38. Rh5 f5 39. Rd2 Rce7 40. Kg1 Bd7 41. Kf2 Rf8 42. Rh6 Kb7 43. Bc2
Bc6 44. Bb3 Rfe8 45. Rc2 Re6 46. Rxe6 Rxe6 47. Rd2 a5 48. Nc3 Rd6 49. g4 axb4
50. axb4 Bc7 (50... fxg4 $142 51. hxg4 Bc7) 51. g5 {White is clearly winning.}
Rd8 52. Kg3 Bd6 53. Nxd5 Bf8 54. Nf6 Bxb4 55. Rd1 Kb6 56. h4 Ra8 57. h5 Ra3 58.
Rb1 Bf8 59. h6 b4 60. Kh4 Bb5 61. Kh5 Bd3 62. Rb2 {Weighted Error Value:
White=0.10/Black=0.29} 1-0